Random Trivia Quiz Stats

 Plays Quiz not verified by Sporcle

Also try: 2008 Executions
Challenge
Share
Tweet
Embed
Score 0/20 Timer 10:00
0 Plays Today
Question Answer % Correct
Which of the Great Lakes is the only one to be entirely within U.S. borders?Lake Michigan
84.7%
An adult human's mouth contains how many permanent teeth?32
83.1%
What is the name of the van on Scooby-Doo?The Mystery Machine
69.7%
What planet has the longest day, from sunrise to sunrise, equalling 117 days on Earth?Venus
64.1%
Who is the 'spokesman' for Froot Loops cereal?Toucan Sam
59.7%
What year was the battle of Gettysburg?1863
57.9%
What year was Live Aid?1985
50.9%
Who is the current Prime Minister of the United Kingdom?Gordon Brown
46.8%
What is the more common name for 'arterial hypertension'?High blood pressure
45.6%
What is the only Zodiac symbol that is not a person or animal?Libra
39.6%
Question Answer % Correct
What sea is the largest landlocked body of water on Earth?Caspian Sea
38.4%
What team has won the second most World Series titles?St. Louis Cardinals
37.3%
What year was the first night game at Wrigley Field?1988
36.8%
Who was the 9th President of the United States?William Henry Harrison
36.3%
Eric Clapton, Jeff Beck, and Jimmy Page all got their starts as guitarists in what British Invasion band?The Yardbirds
21.3%
What was Elvis Presley's 1st #1 song?Heartbreak Hotel
18.5%
Who was the first rap artist to perform on MTV's Unplugged?LL Cool J
10.9%
Who was the original host of the Tonight Show?Steve Allen
10.6%
Who was the first player in MLB history to earn $1 million for a season?Nolan Ryan
7.2%
What 1984 film was the first film to be released with a PG-13 rating?Red Dawn
3.5%

You're not logged in!

Compare scores with friends on all Sporcle quizzes.
OR
Log In

You Might Also Like...

Show Comments

Extras

Created Nov 28, 2009ReportNominate

Top Quizzes Today


Score Distribution

Your Account Isn't Verified!

In order to create a playlist on Sporcle, you need to verify the email address you used during registration. Go to your Sporcle Settings to finish the process.

Report this User

Report this user for behavior that violates our Community Guidelines.

Details: